Turismo de larga distancia y desarrollo regional en Costa Rica: estudios sobre las relaciones económicas-ecológicas entre turismo y desarrollo sostenible en los ámbitos globales, nacionales y micro-regionales /
Gorde:
| Egile nagusia: | |
|---|---|
| Beste egile batzuk: | |
| Formatua: | Texto |
| Argitaratua: |
San José:
DEI
|
| Gaiak: | |
| Etiketak: |
Etiketa erantsi
Etiketarik gabe, Izan zaitez lehena erregistro honi etiketa jartzen!
|
MARC
| LEADER | 00000 a a2200000 04500 | ||
|---|---|---|---|
| 001 | 31167 | ||
| 003 | |||
| 040 | |||
| 020 | |a 9977-83-138-6 | ||
| 090 | |a 196309 | ||
| 100 | |a Fürst, Edgar | ||
| 245 | |a Turismo de larga distancia y desarrollo regional en Costa Rica: estudios sobre las relaciones económicas-ecológicas entre turismo y desarrollo sostenible en los ámbitos globales, nacionales y micro-regionales / |c Edgar Fürst | ||
| 260 | |a San José: |b DEI | ||
| 300 | |a 587 p. |b map. | ||
| 500 | |a Informe final | ||
| 650 | |a TURISMO | ||
| 650 | |a ZONAS COSTERAS | ||
| 650 | |a USO DE LA TIERRA | ||
| 650 | |a USO DE LA TIERRA | ||
| 700 | |a ed |a Hein, Wolfgang Hein |a ed | ||
| 999 | |c 15795 |d 15795 | ||



